Anuario del segundo tribunal ambiental 2019
Sparad:
| Institutionell upphovsman: | |
|---|---|
| Materialtyp: | Bok |
| Språk: | engelska |
| Publicerad: |
Santiago, Chile.
Maval SpA,
2019
|
| Ämnen: | |
| Taggar: |
Lägg till en tagg
Inga taggar, Lägg till första taggen!
|
MARC
| LEADER | 00000nam a22000007a 4500 | ||
|---|---|---|---|
| 003 | CL-VaPUC | ||
| 005 | 20240731160347.0 | ||
| 008 | 211028b2019 ||||| |||| 00| 0 eng d | ||
| 999 | |c 433862 |d 433860 | ||
| 020 | |a 978-956-9503-07-8 | ||
| 040 | |c Pontificia Universidad Católica de Valparaíso | ||
| 082 | |a 344.83046 ANU 2019 | ||
| 110 | |a Segundo Tribunal Ambiental - Santiago |9 863894 | ||
| 245 | |a Anuario del segundo tribunal ambiental 2019 | ||
| 260 | |a Santiago, Chile. |b Maval SpA, |c 2019 | ||
| 300 | |a 857 páginas | ||
| 500 | |a Donación María Graciela Brantt Zumarán (Decana) memo DER 003 27-10-2021 | ||
| 583 | |c 20211028 |k Sebastián Perez | ||
| 650 | 0 | |a Derecho ambiental |z Chile |x Tribunales |9 499116 | |
| 650 | 0 | |a Protección del medio ambiente |9 257626 | |
| 942 | |2 ddc |c BK | ||
| 952 | |0 0 |1 0 |2 ddc |4 0 |6 344_830460000000000_ANU_2019 |7 0 |8 A |9 579078 |a BIBDER |b BIBDER |d 2021-10-28 |e Donación |i 5624584 |o 344.83046 ANU 2019 |p 5624584 |r 2023-01-25 |t 1 |w 2021-10-28 |y BK |k DER | ||